Đến với Lỗ Tấn Những truyện ngắn chọn lọc và lời bình
NV Văn học Trung Quốc
Αποθηκεύτηκε σε:
| Κύριος συγγραφέας: | |
|---|---|
| Άλλοι συγγραφείς: | |
| Μορφή: | Βιβλίο |
| Γλώσσα: | Undetermined |
| Έκδοση: |
H.
Thanh niên
2005
|
| Θέματα: | |
| Διαθέσιμο Online: | http://lrc.tdmu.edu.vn/opac/search/detail.asp?aID=2&ID=3310 |
| Ετικέτες: |
Προσθήκη ετικέτας
Δεν υπάρχουν, Καταχωρήστε ετικέτα πρώτοι!
|
| Thư viện lưu trữ: | Trung tâm Học liệu Trường Đại học Thủ Dầu Một |
|---|
| LEADER | 00908nam a2200229Ia 4500 | ||
|---|---|---|---|
| 001 | TDMU_3310 | ||
| 008 | 210410s9999 xx 000 0 und d | ||
| 082 | |a 895.130109 | ||
| 090 | |b L250 | ||
| 100 | |a Lê, Giảng | ||
| 245 | 0 | |a Đến với Lỗ Tấn | |
| 245 | 0 | |b Những truyện ngắn chọn lọc và lời bình | |
| 245 | 0 | |c Lê Giảng, Ngô Viết Dinh (biên soạn và biên tập) | |
| 260 | |a H. | ||
| 260 | |b Thanh niên | ||
| 260 | |c 2005 | ||
| 300 | |a 695tr. | ||
| 520 | |a NV Văn học Trung Quốc | ||
| 650 | |a Truyện ngắn Trung Hoa |x Phê bình; Văn học Trung Hoa |x Truyện ngắn |x Phê bình; Tác gia văn học |x Lỗ Tấn; Lỗ, Tấn | ||
| 700 | |a Ngô, Viết Dinh | ||
| 856 | |u http://lrc.tdmu.edu.vn/opac/search/detail.asp?aID=2&ID=3310 | ||
| 980 | |a Trung tâm Học liệu Trường Đại học Thủ Dầu Một | ||